[Event "Marianske Lazne IM-B1 19th"]
[Site "Marianske Lazne"]
[Date "2020.01.21"]
[Round "5"]
[White "Vagman, Roy"]
[Black "Abhilash, Reddy ML"]
[Result "1/2-1/2"]
[WhiteElo "2089"]
[BlackElo "2258"]
[PlyCount "24"]
[EventDate "2020.01.18"]
[EventType "tourn"]
[EventRounds "9"]
[EventCountry "CZE"]
[SourceTitle "CBM 194 Extra"]
[Source "ChessBase"]
[SourceDate "2020.03.31"]
[SourceVersion "1"]
[SourceVersionDate "2020.03.31"]
[SourceQuality "1"]

1. e4 c5 2. Nf3 b6 3. c4 Bb7 4. Nc3 e6 5. d4 cxd4 6. Nxd4 a6 7. Be2 Qc7 8. Be3 Nf6 9. f3 Nc6 10. 0-0 Bc5 11. Nc2 Nb4 12. Bxc5 Qxc5+ 1/2-1/2

[Event "Djenovici TS04 IM 3rd"]
[Site "Djenovici"]
[Date "2019.04.24"]
[Round "6"]
[White "Abhilash, Reddy ML"]
[Black "Nikcevic, Nebojsa"]
[Result "0-1"]
[WhiteElo "2252"]
[BlackElo "2434"]
[PlyCount "104"]
[EventDate "2019.04.20"]
[EventType "tourn"]
[EventRounds "9"]
[EventCountry "MNE"]
[SourceTitle "CBM 190 Extra"]
[Source "ChessBase"]
[SourceDate "2019.07.15"]
[SourceVersion "1"]
[SourceVersionDate "2019.07.15"]
[SourceQuality "1"]

1. d4 d5 2. Nf3 e6 3. e3 Nf6 4. Bd3 c5 5. b3 cxd4 6. exd4 Bb4+ 7. c3 Be7 8. 0-0 b6 9. Qe2 0-0 10. Ne5 Bb7 11. Nd2 Qc8 12. Bb2 Ba6 13. f4 Bxd3 14. Qxd3 g6 15. g4 Nc6 16. h3 Qb7 17. Rae1 Rae8 18. Re2 b5 19. a3 Bd6 20. Rfe1 Na5 21. Qc2 Re7 22. Re3 Rc8 23. Qd1 a6 24. R1e2 Ree8 25. Re1 Qc7 26. Rf1 Nb7 27. Qf3 Bf8 28. Nd3 Bg7 29. Rfe1 Nd6 30. Nc5 a5 31. Kg2 a4 32. b4 Nd7 33. R3e2 Qc6 34. Bc1 Nf8 35. Bb2 Rc7 36. Re3 Rce7 37. Nf1 f5 38. g5 Ne4 39. h4 h6 40. Ng3 Kf7 41. Rd3 Nd7 42. Bc1 Rh8 43. Rh1 hxg5 44. hxg5 Rxh1 45. Nxh1 Re8 46. Bd2 Rh8 47. Be1 Qc8 48. Qe2 Nb6 49. Rd1 Nc4 50. Ra1 Qg8 51. Nxe4 dxe4 52. Bg3 Qa8 0-1

[Event "Djenovici TS04 IM 3rd"]
[Site "Djenovici"]
[Date "2019.04.22"]
[Round "4"]
[White "Abhilash, Reddy ML"]
[Black "Mouhamad, Joachin"]
[Result "1/2-1/2"]
[WhiteElo "2252"]
[BlackElo "2330"]
[PlyCount "49"]
[EventDate "2019.04.20"]
[EventType "tourn"]
[EventRounds "9"]
[EventCountry "MNE"]
[SourceTitle "CBM 190 Extra"]
[Source "ChessBase"]
[SourceDate "2019.07.15"]
[SourceVersion "1"]
[SourceVersionDate "2019.07.15"]
[SourceQuality "1"]

1. d4 d5 2. Nf3 c6 3. e3 e6 4. Bd3 Bd6 5. e4 dxe4 6. Bxe4 Nf6 7. Bd3 c5 8. dxc5 Bxc5 9. 0-0 Nc6 10. Qe2 Bd7 11. Nc3 Qc7 12. Nb5 Qb6 13. a3 a6 14. Nc3 Nd4 15. Nxd4 Bxd4 16. Ne4 Nxe4 17. Bxe4 Rc8 18. Rd1 Bc6 19. Bxc6+ Rxc6 20. c3 Bc5 21. Bf4 Be7 22. Rd2 0-0 23. Rad1 Bf6 24. Be5 Bxe5 25. Qxe5 1/2-1/2

[Event "Abu Dhabi op 24th"]
[Site "Abu Dhabi"]
[Date "2017.08.19"]
[Round "6"]
[White "Abhilash, Reddy ML"]
[Black "Saim, Mohamed Ilias"]
[Result "1/2-1/2"]
[WhiteElo "2188"]
[BlackElo "2102"]
[PlyCount "113"]
[EventDate "2017.08.14"]
[EventType "swiss"]
[EventRounds "9"]
[EventCountry "UAE"]
[SourceTitle "CBM 180 Extra"]
[Source "ChessBase"]
[SourceDate "2017.10.06"]
[SourceVersion "1"]
[SourceVersionDate "2017.10.06"]
[SourceQuality "1"]

1. d4 d6 2. Nf3 g6 3. g3 Bg7 4. Bg2 Nf6 5. c4 0-0 6. Nc3 Nbd7 7. 0-0 e5 8. Re1 Re8 9. e4 exd4 10. Nxd4 Nc5 11. f3 c6 12. Be3 a6 13. Qd2 Qc7 14. Rad1 Nfd7 15. b4 Ne6 16. Nxe6 Rxe6 17. Rc1 Re8 18. f4 Nb6 19. Qd3 Bf8 20. Bd4 Qd8 21. Qf1 Be6 22. Nd1 d5 23. f5 Bc8 24. fxg6 hxg6 25. exd5 Rxe1 26. Qxe1 cxd5 27. cxd5 Bh6 28. Rc3 Na4 29. Ra3 Bd7 30. Qe5 f6 31. Qe4 Kh7 32. Rf3 f5 33. Qe5 Qe8 34. Qd6 Rc8 35. Be3 Bf8 36. Qf4 Kg8 37. Rf2 b5 38. Bf1 Qf7 39. Rd2 Be7 40. Qd4 Bf6 41. Qa7 Nc3 42. Nxc3 Bxc3 43. Rd1 Re8 44. Bc5 f4 45. gxf4 Qf5 46. Rd3 Be1 47. Qxa6 Qg4+ 48. Bg2 Re2 49. Qa8+ Re8 50. Qb7 Bh4 51. Re3 Rxe3 52. Bxe3 Qd1+ 53. Bf1 Qg4+ 54. Bg2 Qd1+ 55. Bf1 Qg4+ 56. Bg2 Qd1+ 57. Bf1 1/2-1/2

[Event "Barcelona Sant Marti op-A 19th"]
[Site "Barcelona"]
[Date "2017.07.19"]
[Round "7"]
[White "Abhilash, Reddy ML"]
[Black "Sumit, Kumar1"]
[Result "1/2-1/2"]
[WhiteElo "2133"]
[BlackElo "1975"]
[PlyCount "62"]
[EventDate "2017.07.13"]
[EventType "swiss"]
[EventRounds "9"]
[EventCountry "ESP"]
[SourceTitle "EXT 2018"]
[Source "ChessBase"]
[SourceDate "2017.10.13"]
[SourceVersion "1"]
[SourceVersionDate "2017.10.13"]
[SourceQuality "1"]

1. d4 d5 2. Nf3 Nf6 3. c4 c6 4. e3 Bf5 5. Nc3 e6 6. Nh4 Bg6 7. Qb3 Qb6 8. Nxg6 hxg6 9. Bd2 Nbd7 10. Be2 Be7 11. h3 0-0 12. 0-0 Rac8 13. Rfd1 dxc4 14. Bxc4 Qxb3 15. Bxb3 c5 16. d5 exd5 17. Nxd5 Nxd5 18. Bxd5 b6 19. Bc3 Nf6 20. Bf3 Rfd8 21. Kf1 Ne8 22. e4 Nc7 23. Bg4 Rxd1+ 24. Rxd1 Rd8 25. Rd7 Rxd7 26. Bxd7 Bf6 27. e5 Bd8 28. Bc6 Ne6 29. Ke2 Nd4+ 30. Bxd4 cxd4 31. Kd3 Be7 1/2-1/2

[Event "Barcelona Sant Marti op-A 19th"]
[Site "Barcelona"]
[Date "2017.07.18"]
[Round "6"]
[White "Escalante Ramirez, Brian Sebastian"]
[Black "Abhilash, Reddy ML"]
[Result "1-0"]
[WhiteElo "2340"]
[BlackElo "2133"]
[PlyCount "117"]
[EventDate "2017.07.13"]
[EventType "swiss"]
[EventRounds "9"]
[EventCountry "ESP"]
[SourceTitle "EXT 2018"]
[Source "ChessBase"]
[SourceDate "2017.10.13"]
[SourceVersion "1"]
[SourceVersionDate "2017.10.13"]
[SourceQuality "1"]

1. e4 c5 2. Nf3 d6 3. d4 cxd4 4. Qxd4 Nc6 5. Bb5 Bd7 6. Bxc6 Bxc6 7. Nc3 Nf6 8. Bg5 e6 9. 0-0-0 Be7 10. Rhe1 Qa5 11. Kb1 0-0 12. Qd2 Qa6 13. Nd4 Rac8 14. f3 Rfd8 15. g4 b5 16. Nce2 Qb7 17. Ng3 Ne8 18. h4 Rd7 19. Bxe7 Rxe7 20. g5 Rec7 21. h5 Bd7 22. Rc1 b4 23. Rh1 a5 24. g6 h6 25. gxf7+ Kxf7 26. f4 Rc4 27. e5 Qd5 28. Rhd1 a4 29. Qf2 Kg8 30. Ndf5 Qc5 31. Qxc5 R8xc5 32. Nxd6 Rxf4 33. Nde4 Rd5 34. Rxd5 exd5 35. Nc5 Bb5 36. Ne6 Rg4 37. Nf5 Bd7 38. Nexg7 Rxg7 39. Nxg7 Nxg7 40. Rd1 Be6 41. Rd4 Nxh5 42. Rh4 Bf7 43. Rxb4 Be8 44. b3 axb3 45. cxb3 Ng7 46. a4 Nf5 47. a5 Ne7 48. a6 Nc6 49. Rb7 h5 50. a7 Nxa7 51. Rxa7 h4 52. Kb2 h3 53. Ra1 d4 54. Rh1 Bd7 55. b4 Kf7 56. b5 Ke7 57. b6 Kd8 58. Rc1 Bc8 59. Rd1 1-0

[Event "Montcada op-A 25th"]
[Site "Montcada"]
[Date "2017.07.02"]
[Round "8"]
[White "Vega Gutierrez, Sabrina Neide"]
[Black "Abhilash, Reddy ML"]
[Result "1/2-1/2"]
[WhiteElo "2427"]
[BlackElo "2133"]
[PlyCount "71"]
[EventDate "2017.06.26"]
[EventType "swiss"]
[EventRounds "9"]
[EventCountry "ESP"]
[SourceTitle "CBM 179 Extra"]
[Source "ChessBase"]
[SourceDate "2017.08.23"]
[SourceVersion "1"]
[SourceVersionDate "2017.08.23"]
[SourceQuality "1"]

1. e4 c5 2. Nf3 d6 3. d4 cxd4 4. Nxd4 Nf6 5. Nc3 g6 6. Be3 Bg7 7. f3 Nc6 8. Qd2 0-0 9. 0-0-0 Nxd4 10. Bxd4 Be6 11. Kb1 Qc7 12. g4 Rfc8 13. h4 Qa5 14. a3 a6 15. h5 b5 16. hxg6 hxg6 17. g5 Nh5 18. Rxh5 gxh5 19. Bxg7 Kxg7 20. f4 Bg4 21. Qd4+ Kh7 22. Nd5 Qa4 23. Qd2 Rxc2 24. Qxc2 Bxd1 25. Qd2 Bf3 26. Nb6 Qb3 27. Bd3 Rd8 28. Bc2 Qe6 29. Qe3 Bg4 30. Bb3 Qg6 31. f5 Qg7 32. Bxf7 Qe5 33. Be6 d5 34. Nxd5 Rxd5 35. Bxd5 Bxf5 36. Ka1 1/2-1/2

[Event "IND-ch Challengers 54th"]
[Site "Noida"]
[Date "2016.07.10"]
[Round "3"]
[White "Abhilash, Reddy ML"]
[Black "Harsha, Bharathakoti"]
[Result "0-1"]
[WhiteElo "2149"]
[BlackElo "2344"]
[PlyCount "84"]
[EventDate "2016.07.09"]
[EventType "swiss"]
[EventRounds "13"]
[EventCountry "IND"]
[SourceTitle "CBM 173 Extra"]
[Source "ChessBase"]
[SourceDate "2016.08.29"]
[SourceVersion "1"]
[SourceVersionDate "2016.08.29"]
[SourceQuality "1"]

1. d4 Nf6 2. Nf3 e6 3. e3 c5 4. c4 cxd4 5. exd4 d5 6. Nc3 Bb4 7. Bd2 0-0 8. Be2 dxc4 9. Bxc4 Bxc3 10. bxc3 Qc7 11. Bd3 Nbd7 12. 0-0 b6 13. Re1 Bb7 14. Rc1 Rac8 15. c4 Rfe8 16. Bc3 Qf4 17. Bd2 Qg4 18. Be3 Bxf3 19. Qxf3 Qxf3 20. gxf3 Red8 21. Red1 Nb8 22. Be2 Nc6 23. Kg2 Ne7 24. Rb1 Rd7 25. a4 Nf5 26. a5 bxa5 27. Ra1 Rcd8 28. Rxa5 Nxd4 29. Rxd4 Rxd4 30. Bxd4 Rxd4 31. Rxa7 g5 32. Kf1 Nd7 33. Ra8+ Kg7 34. Rd8 Kf6 35. Ra8 Rh4 36. Kg1 Ke7 37. Rc8 Ne5 38. Rh8 h6 39. Rc8 Rd4 40. Kf1 Rd2 41. Ke1 Rb2 42. Rh8 Ng6 0-1

[Event "Mumbai Mayors Cup 8th"]
[Site "Mumbai"]
[Date "2015.06.04"]
[Round "4"]
[White "Abhilash, Reddy ML"]
[Black "Prasanna Raghuram, Rao"]
[Result "0-1"]
[WhiteElo "2225"]
[BlackElo "2424"]
[PlyCount "124"]
[EventDate "2015.06.02"]
[EventType "swiss"]
[EventRounds "10"]
[EventCountry "IND"]
[SourceTitle "CBM 166 Extra"]
[Source "ChessBase"]
[SourceDate "2015.06.18"]
[SourceVersion "1"]
[SourceVersionDate "2015.06.18"]
[SourceQuality "1"]

1. d4 Nf6 2. Nf3 e6 3. Bg5 c5 4. e3 Qb6 5. Qc1 Ne4 6. Bf4 Nc6 7. c3 d5 8. Bd3 Be7 9. Nbd2 f5 10. Ne5 Bd7 11. Nxd7 Kxd7 12. Nxe4 fxe4 13. Be2 Raf8 14. Bg3 h5 15. h4 g5 16. dxc5 Qxc5 17. Qd1 gxh4 18. Bxh4 Rf7 19. Qd2 Bxh4 20. Rxh4 Rhf8 21. Rf4 h4 22. Bf1 Qd6 23. Rxf7+ Rxf7 24. c4 Qb4 25. Rd1 Kd6 26. a3 Qxd2+ 27. Rxd2 Ne5 28. cxd5 exd5 29. Rc2 Rf8 30. Be2 Rh8 31. Bf1 a6 32. Rc3 Rg8 33. Rc2 b5 34. Ke2 Rf8 35. Rd2 Rf7 36. Rc2 Rf8 37. Ke1 Rg8 38. Ke2 a5 39. Rd2 Rf8 40. Kd1 b4 41. a4 Rf5 42. b3 Nd7 43. Kc2 Ne5 44. Kd1 Ng4 45. Ke1 Ne5 46. Kd1 Rf7 47. Rc2 Nd7 48. Rd2 Rf8 49. Bc4 Nb6 50. Bf1 Nd7 51. Bc4 Nf6 52. Ke1 Ke5 53. Ba6 Ra8 54. Be2 Rc8 55. Bd1 Rc3 56. Ke2 Nd7 57. f3 Nc5 58. Rc2 d4 59. exd4+ Kxd4 60. Rd2+ Rd3 61. Rxd3+ exd3+ 62. Kd2 Ne6 0-1

[Event "New Delhi Parsvnath op 13th"]
[Site "New Delhi"]
[Date "2015.01.10"]
[Round "3"]
[White "Shyam, Sundar M"]
[Black "Abhilash, Reddy ML"]
[Result "1-0"]
[WhiteElo "2489"]
[BlackElo "2251"]
[PlyCount "191"]
[EventDate "2015.01.09"]
[EventType "tourn"]
[EventRounds "10"]
[EventCountry "IND"]
[SourceTitle "CBM 164 Extra"]
[Source "ChessBase"]
[SourceDate "2015.03.02"]
[SourceVersion "1"]
[SourceVersionDate "2015.03.02"]
[SourceQuality "1"]

1. e4 c5 2. Nf3 d6 3. Nc3 Nf6 4. e5 dxe5 5. Nxe5 a6 6. a4 Nbd7 7. Nc4 Nb6 8. Ne3 e6 9. g3 Bd7 10. Bg2 Qc7 11. a5 Nc8 12. 0-0 Be7 13. d3 0-0 14. Nc4 Bc6 15. Bf4 Nd6 16. Bxc6 Qxc6 17. Ne5 Qc7 18. Qf3 Rac8 19. Rfd1 Nfe8 20. h4 f6 21. Nc4 Qc6 22. Qxc6 Rxc6 23. Ra3 Bd8 24. Bxd6 Nxd6 25. Nxd6 Rxd6 26. Ne4 Rc6 27. Nd2 Rf7 28. Nc4 Rd7 29. Kg2 Kf7 30. Re1 h5 31. Re3 Be7 32. Ra1 Bd6 33. Rae1 Bc7 34. Kf1 Rd5 35. Ke2 Rf5 36. Rb1 Rd5 37. Re1 Rf5 38. Kf1 Rd5 39. R1e2 Rd7 40. Ke1 Rd5 41. Kd1 Rd7 42. Kc1 Rd5 43. Kb1 Rd7 44. Ka2 Rd5 45. Kb3 Ke7 46. Ka4 Kf7 47. Re1 Rf5 48. R3e2 Rd5 49. Rb1 Rd7 50. Ree1 Ke7 51. Re4 Kf7 52. Nd2 Rd5 53. Nc4 Rd7 54. Ra1 Rd5 55. Ra3 Rd7 56. Rb3 Bd8 57. Nd2 e5 58. Nc4 Re6 59. Re2 Rc6 60. Ra3 Rd4 61. Re4 Rd7 62. Ra1 Bc7 63. Rae1 Bb8 64. Nb6 Rd8 65. Nc4 Rd7 66. Kb3 Bc7 67. Kc3 Bb8 68. Kd2 Bc7 69. R1e2 Bb8 70. Ke1 Bc7 71. Kf1 Bb8 72. f3 Bc7 73. Kg2 Bb8 74. g4 g6 75. gxh5 gxh5 76. f4 exf4 77. Re8 Bc7 78. Rh8 Kg7 79. Rxh5 Kg6 80. Rh8 Rg7 81. Kf3 Kf5 82. Rh5+ Kg6 83. Rd5 Kh6 84. Re8 Rg3+ 85. Ke4 Rg2 86. Kf5 Rg7 87. Rh8+ Rh7 88. Rxh7+ Kxh7 89. Nd2 Kh6 90. Rd7 Bxa5 91. Ne4 f3 92. Rf7 Bd8 93. Nf2 Rc7 94. Ng4+ Kh5 95. Rf8 Kxh4 96. Kf4 1-0

[Event "Mumbai Mayors Cup 7th"]
[Site "Mumbai"]
[Date "2014.06.08"]
[Round "9"]
[White "Abhilash, Reddy ML"]
[Black "Karthikeyan, Pandian"]
[Result "0-1"]
[WhiteElo "2189"]
[BlackElo "2397"]
[PlyCount "51"]
[EventDate "2014.06.02"]
[EventType "swiss"]
[EventRounds "10"]
[EventCountry "IND"]
[SourceTitle "CBM 160 Extra"]
[Source "ChessBase"]
[SourceDate "2014.07.01"]
[SourceVersion "1"]
[SourceVersionDate "2014.07.01"]
[SourceQuality "1"]

1. d4 Nf6 2. Bg5 e6 3. e4 h6 4. Bxf6 Qxf6 5. Nf3 d6 6. Nc3 Nd7 7. Qd2 a6 8. h4 g6 9. a4 Bg7 10. Be2 0-0 11. a5 Qe7 12. Qe3 b5 13. h5 g5 14. Nd2 Bb7 15. Nd1 c5 16. c3 f5 17. f3 Qf7 18. Nf2 cxd4 19. cxd4 Rac8 20. Qd3 Nb8 21. Nb3 Nc6 22. Qd2 fxe4 23. Nxe4 Nxd4 24. Nxd4 Bxe4 25. Qe3 Bd5 26. Rd1 0-1

[Event "Bhubaneswar op 6th"]
[Site "Bhubaneswar"]
[Date "2014.05.24"]
[Round "1"]
[White "Vaibhav, Suri"]
[Black "Abhilash, Reddy ML"]
[Result "1-0"]
[WhiteElo "2524"]
[BlackElo "2189"]
[PlyCount "69"]
[EventDate "2014.05.24"]
[EventType "swiss"]
[EventRounds "10"]
[EventCountry "IND"]
[SourceTitle "EXT 2015"]
[Source "ChessBase"]
[SourceDate "2014.11.20"]
[SourceVersion "1"]
[SourceVersionDate "2014.11.20"]
[SourceQuality "1"]

1. e4 c5 2. Nf3 d6 3. d4 cxd4 4. Nxd4 Nf6 5. Nc3 g6 6. Be3 Bg7 7. f3 Nc6 8. Qd2 0-0 9. 0-0-0 d5 10. exd5 Nxd5 11. Nxc6 bxc6 12. Bd4 e5 13. Bc5 Be6 14. Ne4 Qc7 15. Bxf8 Bxf8 16. c4 Nb6 17. Qa5 Bh6+ 18. Kb1 Rc8 19. h4 Bf5 20. g4 Bxe4+ 21. fxe4 Bf4 22. Rh3 Nd7 23. Qxc7 Rxc7 24. Bg2 Nc5 25. Rd8+ Kg7 26. Ra3 h6 27. Kc2 Ne6 28. Rd6 Kf8 29. Ra6 Be3 30. b4 Bf2 31. h5 gxh5 32. gxh5 Be3 33. Bh3 Nd4+ 34. Kd3 Bg5 35. Rd7 1-0

[Event "Commonwealth-ch"]
[Site "Chennai"]
[Date "2012.11.28"]
[Round "8"]
[White "Abhilash, Reddy ML"]
[Black "Karthik, Venkataraman"]
[Result "1-0"]
[WhiteElo "2242"]
[BlackElo "1990"]
[PlyCount "94"]
[EventDate "2012.11.23"]
[EventType "swiss"]
[EventRounds "11"]
[EventCountry "IND"]
[SourceTitle "CBM 151 Extra"]
[Source "ChessBase"]
[SourceDate "2012.12.18"]
[SourceVersion "1"]
[SourceVersionDate "2012.12.18"]
[SourceQuality "1"]

1. d4 g6 2. Nf3 Bg7 3. g3 c5 4. d5 Nf6 5. Bg2 d6 6. 0-0 0-0 7. Re1 b5 8. h3 Bb7 9. e4 Nbd7 10. a4 bxa4 11. Nc3 Nb6 12. Nxa4 Nfd7 13. Nc3 a6 14. Bf1 Qc7 15. Be3 e6 16. dxe6 fxe6 17. Bf4 Ne5 18. Nxe5 Bxe5 19. Bxe5 dxe5 20. Qg4 Qf7 21. Qe2 Rad8 22. Qe3 Rd4 23. b3 c4 24. Bg2 cxb3 25. cxb3 Nd7 26. Ne2 Rb4 27. Rac1 Nf6 28. f3 Qd7 29. Red1 Qb5 30. Rc3 Qb6 31. Qxb6 Rxb6 32. h4 Kg7 33. Nc1 Rc8 34. Rxc8 Bxc8 35. Bf1 Kf8 36. Kf2 Ke7 37. Bc4 Nd7 38. Nd3 Bb7 39. Ra1 Rd6 40. Ra5 Rc6 41. Ke3 Bc8 42. f4 exf4+ 43. gxf4 Nb6 44. Kd4 Kd7 45. e5 Nxc4 46. bxc4 Rb6 47. Nc5+ Ke7 1-0

[Event "Wch U18"]
[Site "Maribor"]
[Date "2012.11.18"]
[Round "11.18"]
[White "Andersen, Mads"]
[Black "Abhilash, Reddy ML"]
[Result "1-0"]
[WhiteElo "2482"]
[BlackElo "2269"]
[PlyCount "49"]
[EventDate "2012.11.08"]
[EventType "swiss"]
[EventRounds "11"]
[EventCountry "SLO"]
[SourceTitle "EXT 2013"]
[Source "ChessBase"]
[SourceDate "2012.11.22"]
[SourceVersion "1"]
[SourceVersionDate "2012.11.22"]
[SourceQuality "1"]

1. c4 c6 2. Nf3 Nf6 3. Nc3 d6 4. d4 Nbd7 5. e4 e5 6. Be2 Be7 7. 0-0 0-0 8. Qc2 Qc7 9. h3 Re8 10. Be3 Bf8 11. a3 g6 12. b4 Bg7 13. Rfd1 Nh5 14. d5 Nf4 15. Bf1 Nf6 16. Rac1 cxd5 17. Nb5 Qe7 18. cxd5 Bd7 19. Nxa7 g5 20. Qc7 Ba4 21. Qxe7 Rxe7 22. Re1 g4 23. hxg4 Nxg4 24. Bxf4 exf4 25. Nc8 1-0